Список материалов, помещенных в "Сборнике консульских донесений" в 1898-1906 гг.

Доступно только в Электронных читальных залах Найти на картеНа карте
RUSMARC
00003895nmc2a22002651x 450
001d32ced6c-d154-499c-89d8-d84ce7ae52c8
00520131108174646.0
100##$a20130708l18981906k y0rusy50 ca
1010#$arus
102##$aRU
105##$aa z |||||
1222#$ad1878
$ad19060601
2001#$aСписок материалов, помещенных в "Сборнике консульских донесений" в 1898-1906 гг.
$j1898-1906
215##$a9 листов
$cтабл.
251##$cДело
300##$aЗаголовок дела на папке: Список статей. "Сборник консульских донесений" с 1878 г. по 1 июня 1906 гг.
300##$aРукописный текст
330##$aДокументальные материалы служебной деятельности Таубе Михаила Александровича; По Министерству иностранных дел
461#0$10019dc48c2a-b661-48e8-81e4-2ee63bc2db28
$12001
$aТаубе Михаил Александрович, барон, генеалог, юрист, вице-директор второго департамента министерства иностранных дел, товарищ министра народного просвещения
$1251
$cФонд
$1852
$j596
462#0$1001753b53db-1319-4e87-b6fd-bf89b8f4cfae
$12001
$aОпись дел фонда М. А. Таубе за 1786-1919 гг.
$1251
$cОпись
$1852
$j1
517##$aСписок статей. "Сборник консульских донесений" с 1878 г. по 1 июня 1906 гг.
600#1$aТаубе
$bМ. А.
$f1869-1961
$gМихаил Александрович
801#0$aRU
$bGA_RF
801#1$aRU
$bНПО Опыт
$c20130708
$2rusmarc
801#2$aRU
$bПБ им. Б.Н. Ельцина
$c20131108
$gRCR
$2rusmarc
852##$aГА РФ
$j19
937##$d41144329
$hПБ
035##$aRuPRLIB51008092
Формат отображения